[Event "Polanica Zdroj op-E 56th"]
[Site "Polanica Zdroj"]
[Date "2020.08.20"]
[Round "6"]
[White "Orzlowski, Patryk"]
[Black "Szczygiel, Wojciech"]
[Result "1-0"]
[WhiteElo "1569"]
[BlackElo "1286"]
[PlyCount "55"]
[EventDate "2020.08.15"]
[EventType "swiss"]
[EventRounds "9"]
[EventCountry "POL"]
[SourceTitle "CBM 198 Extra"]
[Source "ChessBase"]
[SourceDate "2020.11.30"]
[SourceVersion "1"]
[SourceVersionDate "2020.11.30"]
[SourceQuality "1"]

1. e4 e6 2. d4 d5 3. Bd3 Nf6 4. e5 Nfd7 5. c3 c5 6. Ne2 Nc6 7. 0-0 Qb6 8. Bc2 Be7 9. a3 f6 10. Nf4 Ncxe5 11. dxe5 Nxe5 12. Qh5+ Kd8 13. Rd1 Bd7 14. b4 Rc8 15. Be3 Qc6 16. Nd3 Nxd3 17. Bxd3 Be8 18. Qg4 g6 19. Bxc5 Bxc5 20. bxc5 Bd7 21. Qf3 e5 22. Bf1 e4 23. Qe3 Qxc5 24. Qd4 Qxd4 25. Rxd4 Be6 26. c4 Rxc4 27. Bxc4 f5 28. Bf1 1-0

[Event "Polanica Zdroj op-E 56th"]
[Site "Polanica Zdroj"]
[Date "2020.08.16"]
[Round "2"]
[White "Szczygiel, Wojciech"]
[Black "Wilgosz, Tomasz"]
[Result "1-0"]
[WhiteElo "1286"]
[BlackElo "1524"]
[PlyCount "117"]
[EventDate "2020.08.15"]
[EventType "swiss"]
[EventRounds "9"]
[EventCountry "POL"]
[SourceTitle "CBM 198 Extra"]
[Source "ChessBase"]
[SourceDate "2020.11.30"]
[SourceVersion "1"]
[SourceVersionDate "2020.11.30"]
[SourceQuality "1"]

1. d4 e6 2. c4 d5 3. cxd5 exd5 4. Nc3 Nf6 5. Bg5 Bb4 6. a3 Bxc3+ 7. bxc3 c6 8. e3 Qa5 9. Qc2 Ne4 10. Bf4 Qxc3+ 11. Qxc3 Nxc3 12. Bd3 Ne4 13. f3 Nf6 14. Bd6 Kd7 15. Be5 Ke7 16. Ne2 Re8 17. e4 Nbd7 18. Bf4 dxe4 19. fxe4 Kf8 20. Ng3 Nxe4 21. Nxe4 Nf6 22. Be5 Bf5 23. Nxf6 gxf6 24. Bxf5 fxe5 25. 0-0 Kg7 26. dxe5 Rxe5 27. Rf3 h6 28. Raf1 Rae8 29. Rg3+ Kh8 30. Bd3 Re1 31. Rxe1 Rxe1+ 32. Kf2 Re5 33. Rf3 Kg7 34. a4 a6 35. Bc4 f6 36. Rg3+ Rg5 37. Rxg5+ fxg5 38. a5 Kf6 39. g4 Ke5 40. Ke3 Kd6 41. Kd4 c5+ 42. Ke4 Kc6 43. Kf5 b5 44. axb6 Kxb6 45. Kg6 a5 46. Kxh6 a4 47. Kxg5 Ka5 48. h4 Kb4 49. h5 Kxc4 50. h6 Kb3 51. h7 c4 52. h8Q c3 53. Qb8+ Ka3 54. Qd6+ Kb3 55. Qb6+ Ka3 56. Qd6+ Kb3 57. Qd5+ Kb2 58. Qb5+ Ka3 59. Qb1 1-0